| 000 | 00000nam##2200000za#4500 |
| 001 | 9.695211 |
| 003 | CaOODSP |
| 005 | 20240209132435 |
| 007 | cr ||||||||||| |
| 008 | 150407|1997||||xxc|||||o f|0| 0 eng|d |
| 040 | |aCaOODSP|beng |
| 043 | |an-cn--- |
| 086 | 1 |aC89-39/1997E-PDF |
| 110 | 2 |aAtlantic Canada Opportunities Agency. |
| 245 | 10|aOpportunities for biotechnology-based business in Atlantic Canada / |h[electronic resource]|cprepared by Bicon Consulting Associates for the Atlantic Agri-Products Competitiveness Council and the Atlantic Canada Opportunities Agency. |
| 260 | |bAtlantic Canada Opportunities Agency |cJanuary 1997. |
| 300 | |a51p.|bfigs., references, tables |
| 500 | |aPrepared for the Atlantic Agri-Products Competitiveness Council and the Atlantic Canada Opportunities Agency. "Three bio-technology issues provide the focus of this study: 1. Current trends in private sector R&D activities. [...] 2. The current and future role of government as a regulator, broker and facilitator for the biotechnology sector in Atlantic Canada was studied. [...] 3. The most effective focus for action to increase biotechnology-based business formation in Atlantic Canada."--Page 7. |
| 520 | 3 |aThree bio-technology issues provide the focus of this study: 1. Current trends in private sector R&D activities. [...] 2. The current and future role of government as a regulator, broker and facilitator for the biotechnology sector in Atlantic Canada was studied. [...] 3. The most effective focus for action to increase biotechnology-based business formation in Atlantic Canada.--Page 7 |
| 590 | |a11-29-Supp|b2011-11-25 |
| 690 | 07|aBiotechnology|2gcpds |
| 710 | 2 |aBicon Consulting Associates. |
| 710 | 2 |aAtlantic Agri-Products Competitiveness Council. |
| 775 | 08|tPerspectives d'avenir pour les entreprises fondées sur la biotechnologie au Canada atlantique / |w(CaOODSP)9.639357 |
| 776 | 0#|tOpportunities for biotechnology-based business in Atlantic Canada / |w(CaOODSP)9.647017 |
| 856 | 40|ahttp://publications.gc.ca|qPDF|s215 KB|uhttps://publications.gc.ca/collections/Collection/C89-39-1997E.pdf |